000 00805nam a2200265 i 4500
001 bgj
100 1 _aBELL, Quentin.
245 1 0 _aVirginia Woolf :
_beine Biographie /
_cQuentin Bell ; aus dem Englischen von Arnold Fernberg.
260 _aFrankfurt am Main :
_bSuhrkamp,
_c1994.
300 _a614 s., [20] k . :
_bil. ;
_c18 cm.
490 1 _aSuhrkamp Taschenbuch
_v2338
504 _aBibliogr. s. 583-[585]. Indeks.
600 1 _aWOOLF, Virginia
_d1882-1941
_xbiografia
650 9 _aLiteratura angielska
700 1 _aFERNBERG, Arnold.
830 _aSuhrkamp Taschenbuch
020 _a351838838X
040 _cBPK
041 0 _ager
_hen
044 _aDEU
080 _a821.111(091):922-052]"19"A/Z
920 _a3-518-38838-X
942 _cKS
008 s gw f |000 0 ger
999 _c50635
_d50635
856 _uhttp://koha.tu.koszalin.pl/cgi-bin/koha/opac-detail.pl?biblionumber=50635
_yKatalog online BPK